000 00853nam a22001817a 4500
005 20251108171201.0
008 250721s1994 xx 000 0 ara d
082 1 4 _aم/301.32956/ندو
245 1 0 _aالتنمية البشرية في الوطن العربي :
_bبحوث ومناقشات الندوة الفكرية التي عقدها منتدى الفكر العربي وبرنامج الأمم المتحدة الإنمائي /
264 1 _aعمان :
_bمنتدى الفكر العربي،
_c1994.
300 _a259ص
490 0 _aسلسلة الحوارات العربية
650 1 7 _aالسكان في البلاد العربية
650 1 7 _aالتنمية الإجتماعية في البلاد العربية
710 2 _aندوة التنمية في الوطن العربي 1993 عمان
942 _2ddc
_cREF
999 _c58740
_d58740